02396nam a2200385 a 4500001001200000003000800012006001900020007001500039008004100054010001700095020003900112020003600151040002100187035002100208043003000229050002400259082002600283100003100309245014200340260006100482300003000543490005100573504006600624505075200690533015201442650005101594650005001645650004901695651002701744655002901771710001701800830005201817856012601869999001501995ebr10275539CaPaEBRm u cr cn|||||||||080425s2008 lauab sb s001 0 eng  z 2008018831 z9780807133590 (cloth : alk. paper) z0807133590 (cloth : alk. paper) aCaPaEBRcCaPaEBR a(OCoLC)318240585 ae-uk---af-nr---af-sl---14aHT1161b.B97 2008eb04a306.3/620941090332221 aByrd, Alexander X.,d1968-10aCaptives and voyagersh[electronic resource] :bblack migrants across the eighteenth-century British Atlantic world /cAlexander X. Byrd. aBaton Rouge :bLouisiana State University Press,cc2008. axi, 346 p. :bill., maps.1 aAntislavery, abolition, and the Atlantic world aIncludes bibliographical references (p. [313]-332) and index.0 aThe slave trade from the Biafran interior : violence, serial displacement, and the rudiments of Igbo society -- The slave ship and the beginnings of Igbo society in the African diaspora -- White power and the context of slave seasoning in eighteenth-century Jamaica -- Routines of disaster and revolution -- Social movement and imagining freedom in the British capital -- Migration and the impossible demands of leaving London -- From slaves to free subjects in British North America -- Black society and the limits of British freedom -- The effects of exodus : Afro-maritime society in motion -- Arriving in Sierra Leone : catastrophe and its aftermaths -- Conclusion: Migration and black society in the eighteenth-century British Atlantic world. aElectronic reproduction.bPalo Alto, Calif. :cebrary,d2013.nAvailable via World Wide Web.nAccess may be limited to ebrary affiliated libraries. 0aSlaveryzGreat BritainxHistoryy18th century. 0aBlackszGreat BritainxHistoryy18th century. 0aSlave tradezNigeriaxHistoryy18th century. 0aSierra LeonexHistory. 7aElectronic books.2local2 aebrary, Inc. 0aAntislavery, abolition, and the Atlantic world.40uhttp://site.ebrary.com/lib/rucke/Doc?id=10275539zAn electronic book accessible through the World Wide Web; click to view c5998d5998